| 000 | 01150nam a2200289 a 4500 | ||
|---|---|---|---|
| 001 | ebr10509120 | ||
| 003 | CaPaEBR | ||
| 006 | m u | ||
| 007 | cr cn||||||||| | ||
| 008 | 111107s2011 xra s 000 1 eng d | ||
| 020 | _z9781862549449 | ||
| 020 | _z9781862549692 (e-book) | ||
| 040 |
_aCaPaEBR _cCaPaEBR |
||
| 035 | _a(OCoLC)769188662 | ||
| 050 | 1 | 4 |
_aPR9619.4.M38 _bE53 2011eb |
| 100 | 1 | _aMatthew, Amy T. | |
| 245 | 1 | 0 |
_aEnd of the night girl _h[electronic resource] / _cAmy T. Matthews. |
| 260 |
_aKent Town, S. Aust. : _bWakefield Press, _c2011. |
||
| 300 | _a277 p. | ||
| 533 |
_aElectronic reproduction. _bPalo Alto, Calif. : _cebrary, _d2011. _nAvailable via World Wide Web. _nAccess may be limited to ebrary affiliated libraries. |
||
| 650 | 0 | _aHolocaust, Jewish (1939-1945), in literature. | |
| 650 | 0 |
_aHolocaust, Jewish (1939-1945), in literature _xMoral and ethical aspects. |
|
| 650 | 0 | _aGenocide in literature. | |
| 655 | 7 |
_aElectronic books. _2local |
|
| 710 | 2 | _aebrary, Inc. | |
| 856 | 4 | 0 |
_uhttp://site.ebrary.com/lib/rucke/Doc?id=10509120 _zAn electronic book accessible through the World Wide Web; click to view |
| 999 |
_c116240 _d116240 |
||